000 00999nam a22003017a 4500
001 6977
003 FISKH
005 20250613103244.0
008 250613b cb ||||| |||| 00| 0 eng d
020 _a9781574715743
040 _aFISKH
_beng
_cFISKH
_dFISKH
050 _aPZ7.
082 _a394.26
100 _aKupperstein, Joel
245 _aCelebrating patriotic holidays :
_bHonoring America /
_cWritten by Joel Kupperstein ; Illustrated by Keiko Motoyama
250 _aThis edition first published in 1999
260 _aHuntington :
_bCTP,
_c1999
300 _a16 pages :
_bcolor illustrations ;
_c16 x 23 cm
505 _aE
520 _aA book to teach children the significance of each patriotic American holiday and when it is celebrated.
521 8 _a200 estimate
_bLexile
521 8 _aE
_bRaz-Plus
650 _2Holidays
_aVeterans Day
650 _2Patriotic
_aAmerican holidays
700 _aMotoyama, Keiko
_dillustrator
942 _2ddc
_cBK
_n0
999 _c6977
_d6977